Environmental management plans demystified: (Record no. 3134)

MARC details
000 -LEADER
fixed length control field 00560nam a22001937a 4500
003 - CONTROL NUMBER IDENTIFIER
control field OSt
005 - DATE AND TIME OF LATEST TRANSACTION
control field 20160302140528.0
008 - FIXED-LENGTH DATA ELEMENTS--GENERAL INFORMATION
fixed length control field 160302b xxu||||| |||| 00| 0 eng d
020 ## - INTERNATIONAL STANDARD BOOK NUMBER
International Standard Book Number 0415246644
040 ## - CATALOGING SOURCE
Transcribing agency 040a
082 ## - DEWEY DECIMAL CLASSIFICATION NUMBER
Classification number 658.4083
Item number TIN 2001
100 ## - MAIN ENTRY--PERSONAL NAME
Personal name Tinsley, Stephen
9 (RLIN) 6970
245 ## - TITLE STATEMENT
Title Environmental management plans demystified:
Remainder of title a guide to implementing ISO 14001 /
Statement of responsibility, etc. Stephen Tinsley
260 ## - PUBLICATION, DISTRIBUTION, ETC. (IMPRINT)
Place of publication, distribution, etc. London
Name of publisher, distributor, etc. Spon press
Date of publication, distribution, etc. 2001
300 ## - PHYSICAL DESCRIPTION
Extent vii, 240p;
Other physical details ill:
Dimensions 13 cm
504 ## - BIBLIOGRAPHY, ETC. NOTE
Bibliography, etc Includes index
650 ## - SUBJECT ADDED ENTRY--TOPICAL TERM
Topical term or geographic name as entry element Environment
9 (RLIN) 1074
942 ## - ADDED ENTRY ELEMENTS (KOHA)
Source of classification or shelving scheme Dewey Decimal Classification
Koha item type Short Loan
Holdings
Withdrawn status Lost status Source of classification or shelving scheme Damaged status Not for loan Home library Current library Date acquired Inventory number Total Checkouts Full call number Barcode Date last seen Price effective from Koha item type
    Dewey Decimal Classification     MUST Main Library MUST Main Library 02/03/2016 2006/26404   658.4083 TIN 2001 2016-0297 02/03/2016 02/03/2016 Short Loan